<?xml version="1.0" encoding="UTF-8"?>
<record
    xmlns:xsi="http://www.w3.org/2001/XMLSchema-instance"
    xsi:schemaLocation="http://www.loc.gov/MARC21/slim http://www.loc.gov/standards/marcxml/schema/MARC21slim.xsd"
    xmlns="http://www.loc.gov/MARC21/slim">

  <leader>03545nmm a22004577a 4500</leader>
  <datafield tag="999" ind1=" " ind2=" ">
    <subfield code="c">6596</subfield>
    <subfield code="d">6596</subfield>
  </datafield>
  <controlfield tag="003">OSt</controlfield>
  <controlfield tag="005">20260317124815.0</controlfield>
  <controlfield tag="008">191018e        xxu|||||o||d| 00| 0 spa d</controlfield>
  <datafield tag="020" ind1=" " ind2=" ">
    <subfield code="a">9789507277658</subfield>
  </datafield>
  <datafield tag="040" ind1=" " ind2=" ">
    <subfield code="c">PJ</subfield>
  </datafield>
  <datafield tag="245" ind1="1" ind2="0">
    <subfield code="a">Revista Laboral :</subfield>
    <subfield code="b">simulaci&#xF3;n y fraude /</subfield>
    <subfield code="c">Mario E. Ackerman director.</subfield>
  </datafield>
  <datafield tag="260" ind1=" " ind2=" ">
    <subfield code="a">Santa F&#xE9; :</subfield>
    <subfield code="b">Rubinzal Culzoni,</subfield>
    <subfield code="c">2023.</subfield>
  </datafield>
  <datafield tag="300" ind1=" " ind2=" ">
    <subfield code="a">736 p.</subfield>
    <subfield code="c">22 cm.</subfield>
  </datafield>
  <datafield tag="310" ind1=" " ind2=" ">
    <subfield code="a">semestral</subfield>
  </datafield>
  <datafield tag="362" ind1=" " ind2=" ">
    <subfield code="a">No. 1 (2023) </subfield>
  </datafield>
  <datafield tag="505" ind1=" " ind2=" ">
    <subfield code="t">El sujeto y la hip&#xF3;tesis f&#xE1;ctica real en la evasi&#xF3;n de normas laborales imperativas reprochada por el art&#xED;culo 14 de la lct /</subfield>
    <subfield code="r">Mario E. Ackerman.</subfield>
  </datafield>
  <datafield tag="505" ind1=" " ind2=" ">
    <subfield code="t">La pr&#xE1;ctica del traspaso de personal dentro de grupos econ&#xF3;micos /</subfield>
    <subfield code="r"> Diego Ledesma Iturbide.</subfield>
  </datafield>
  <datafield tag="505" ind1=" " ind2=" ">
    <subfield code="t">Distintos casos de sujetos m&#xFA;ltiples en las relaciones individuales del trabajo - diferenciaci&#xF3;n entre intermediaci&#xF3;n, interposici&#xF3;n y correlaci&#xF3;n empresaria. usos l&#xED;citos y fraudulentos /</subfield>
    <subfield code="r">Miguel &#xC1;ngel Maza.</subfield>
  </datafield>
  <datafield tag="505" ind1=" " ind2=" ">
    <subfield code="t">El fraude en la tercerizaci&#xF3;n o descentralizaci&#xF3;n productiva propuestas de cambio. otras terapias a desarrollar por fuera de la solidaridad /</subfield>
    <subfield code="r">Horacio Las Heras.</subfield>
  </datafield>
  <datafield tag="505" ind1=" " ind2=" ">
    <subfield code="t">El fraude a la seguridad social mediante el pago de salarios en forma clandestina o bajo formas que simulan una naturaleza jur&#xED;dica distinta /</subfield>
    <subfield code="r">Carlos Pose.</subfield>
  </datafield>
  <datafield tag="505" ind1=" " ind2=" ">
    <subfield code="t">La ocultaci&#xF3;n del contrato de trabajo mediante la apariencia del monotributo - simulaci&#xF3;n y fraude /</subfield>
    <subfield code="r">Marco Romualdi.</subfield>
  </datafield>
  <datafield tag="505" ind1=" " ind2=" ">
    <subfield code="t">&#xBF;El derecho a la formaci&#xF3;n o la puerta hacia el fraude en la contrataci&#xF3;n? /</subfield>
    <subfield code="r">r Mar&#xED;a Isabel Sforsini.</subfield>
  </datafield>
  <datafield tag="505" ind1=" " ind2=" ">
    <subfield code="t">Algunos puntos de fuga hacia el fraude y la simulaci&#xF3;n /</subfield>
    <subfield code="r">C&#xE9;sar Arese.</subfield>
  </datafield>
  <datafield tag="505" ind1=" " ind2=" ">
    <subfield code="t">El fraude laboral en el derecho comparado /</subfield>
    <subfield code="r"> Mariana Kearney.</subfield>
  </datafield>
  <datafield tag="505" ind1=" " ind2=" ">
    <subfield code="t">Los contratados en la administraci&#xF3;n p&#xFA;blica /
</subfield>
    <subfield code="r"> David Duarte.</subfield>
  </datafield>
  <datafield tag="505" ind1=" " ind2=" ">
    <subfield code="t">La persistente exoneraci&#xF3;n de responsabilidad del estado en supuestos de subcontrataci&#xF3;n de servicios de su propia actividad - una respuesta jur&#xED;dica controversial y una opci&#xF3;n &#xE9;tica disvaliosa /

</subfield>
    <subfield code="r"> Diego M. Tosca.</subfield>
  </datafield>
  <datafield tag="505" ind1=" " ind2=" ">
    <subfield code="t">Simulaci&#xF3;n y fraude en sociedades comerciales en el &#xE1;mbito de la econom&#xED;a de plataformas /</subfield>
    <subfield code="r"> Luis Anunziato y Gabriel Binstein.</subfield>
  </datafield>
  <datafield tag="505" ind1=" " ind2=" ">
    <subfield code="t">Simulaci&#xF3;n y fraude en el estatuto del personal de casas particulares /</subfield>
    <subfield code="r"> Diego Javier Tula.</subfield>
  </datafield>
  <datafield tag="505" ind1=" " ind2=" ">
    <subfield code="t">Los jubilados y el trabajo. la vulnerabilidad como sustrato del fraude /</subfield>
    <subfield code="r"> Jorge Oscar MorresI.</subfield>
  </datafield>
  <datafield tag="505" ind1=" " ind2=" ">
    <subfield code="t">&#xBF;subsiste el contrato de servicios, regulado en el c&#xF3;digo civil y comercial de la naci&#xF3;n, ante el modelo legal del contrato de trabajo? /</subfield>
    <subfield code="r">r Silvia E. Pinto Varela.</subfield>
  </datafield>
  <datafield tag="505" ind1=" " ind2=" ">
    <subfield code="t">Regulaci&#xF3;n normativa del fraude y la simulaci&#xF3;n en el c&#xF3;digo civil y comercial de la naci&#xF3;n y su proyecci&#xF3;n en el derecho del trabajo /</subfield>
    <subfield code="r"> Carlos Javier Canelo.</subfield>
  </datafield>
  <datafield tag="505" ind1=" " ind2=" ">
    <subfield code="t">Reflexiones acerca de las cooperativas de trabajo y la violaci&#xF3;n del orden p&#xFA;blico laboral /</subfield>
    <subfield code="r">Jorge El&#xED;as.</subfield>
  </datafield>
  <datafield tag="505" ind1=" " ind2=" ">
    <subfield code="t">Fraude en la aplicaci&#xF3;n de reg&#xED;menes estatutarios y convencionales /

</subfield>
    <subfield code="r">Guillermo Gianibelli.</subfield>
  </datafield>
  <datafield tag="505" ind1=" " ind2=" ">
    <subfield code="t">Competencia por conexidad en las demandas de simulaci&#xF3;n y/o fraude en el c&#xF3;digo procesal laboral de Mendoza / </subfield>
    <subfield code="r">Carlos Albe to Livellara.</subfield>
  </datafield>
  <datafield tag="505" ind1=" " ind2=" ">
    <subfield code="t">Sumarios y sistematizaci&#xF3;n de fallos /</subfield>
    <subfield code="r">Diego Guirado Colaborador: Enzo R. Cabrera.</subfield>
  </datafield>
  <datafield tag="650" ind1=" " ind2="0">
    <subfield code="9">1316</subfield>
    <subfield code="a">DERECHO LABORAL</subfield>
  </datafield>
  <datafield tag="650" ind1=" " ind2="0">
    <subfield code="9">6170</subfield>
    <subfield code="a">FRAUDE LABORAL</subfield>
  </datafield>
  <datafield tag="700" ind1=" " ind2=" ">
    <subfield code="9">1423</subfield>
    <subfield code="a">Ackermann, Mario Eduardo</subfield>
    <subfield code="e">director</subfield>
  </datafield>
  <datafield tag="856" ind1=" " ind2=" ">
    <subfield code="u">https://www.rubinzal.com.ar/revistas/revista-de-derecho-laboral/5/?menupc=1</subfield>
    <subfield code="y">Revista Derecho Laboral </subfield>
  </datafield>
  <datafield tag="942" ind1=" " ind2=" ">
    <subfield code="2">udc</subfield>
    <subfield code="c">PP</subfield>
  </datafield>
  <datafield tag="952" ind1=" " ind2=" ">
    <subfield code="0">0</subfield>
    <subfield code="1">0</subfield>
    <subfield code="2">udc</subfield>
    <subfield code="4">0</subfield>
    <subfield code="7">0</subfield>
    <subfield code="a">DJS</subfield>
    <subfield code="b">DJS</subfield>
    <subfield code="d">2026-03-17</subfield>
    <subfield code="p">6579</subfield>
    <subfield code="r">2026-03-17</subfield>
    <subfield code="w">2026-03-17</subfield>
    <subfield code="y">PP</subfield>
  </datafield>
</record>
